000 00647nam a2200241Ia 4500
003 OSt
005 20220918174841.0
006 a|||||r|||| 00| 0
007 ta
008 220917b |||||||| |||| 00| 0 eng d
024 _a14,430
037 _cTextual
040 _aARTS
_cARTS
_beng
041 _2eng
_aeng
082 _aNT73w,M3, N6
100 _aBooth Michael R.
_951693
245 0 _aThree tragic actresses
_b Siddons, Rachel, Ristori
260 _aCambridge
_bCUP
_c1996
300 _ax,200p.
_ccm.
650 _aTHEATRE; ARTS
942 _hNT73w,M3, N6
_cTEXL
_2CC
999 _c154978
_d154978